Ιστορία των Ελλήνων.
Αποθηκεύτηκε σε:
| Μορφή: | Βιβλίο |
|---|---|
| Γλώσσα: | Greek |
| Δημοσίευση: |
Αθήνα :
Δομή,
[2006]
|
| Θέματα: | |
| Ετικέτες: |
Προσθήκη ετικέτας
Δεν υπάρχουν, Καταχωρήστε ετικέτα πρώτοι!
|
MARC
| LEADER | 00000cam a2200000 i 4500 | ||
|---|---|---|---|
| 001 | 1/64704 | ||
| 008 | 150122s2006 gr | ||| |||| ||gre|| | ||
| 020 | |a 9608177863 |q (τ. 1) | ||
| 035 | |l 10120633 | ||
| 040 | |a GR-MyUa |b gre |e AACR2 | ||
| 041 | 0 | |a gre | |
| 082 | 7 | |a 938 |2 (23) | |
| 245 | 1 | 0 | |a Ιστορία των Ελλήνων. |
| 260 | |a Αθήνα : |b Δομή, |c [2006] | ||
| 300 | |a 16 τ. : |b εικ. ; |c 23 εκ. | ||
| 500 | |a Δωρεάν διάθεση με την εφημερίδα "Κυριακάτικη Ελευθεροτυπία". | ||
| 504 | |a Περιλαμβάνει βιβλιογραφίες. | ||
| 505 | 8 | |a Τ. 1. Προϊστορικοί χρόνοι / Αγουρίδης Χρήστος ... [κ.ά.]. | |
| 651 | 0 | |a Greece |x History. | |
| 852 | |a INST |b SYROS |e 20150122 |h 938 ΙΣΤ |p 005500012207 |q 005500012207 |t BK |y 0 |z τ.1 | ||
| 852 | |a INST |b SYROS |e 20150122 |h 938 ΙΣΤ |p 005500012207 |q 005500012207 |t BK |v τ.1: |y 0 |z τ.1 | ||
| 853 | |a INST |b SYROS |h 938 ΙΣΤ | ||
| 901 | |a BIBL5-2015-1 | ||
| 970 | |a Κοντού |b Παρασκευή |z 22/01/2015 | ||